The Mathematica graphics guidebook : Cameron Smith and Nancy Blachman. (Record no. 63482)

000 -LEADER
fixed length control field 01143cam a2200289 a 4500
001 - CONTROL NUMBER
control field 1087930
003 - CONTROL NUMBER IDENTIFIER
control field NUST - PNEC
005 - DATE AND TIME OF LATEST TRANSACTION
control field 20170116180814.0
008 - FIXED-LENGTH DATA ELEMENTS--GENERAL INFORMATION
fixed length control field 920701s1995 maua b 001 0 eng
010 ## - LIBRARY OF CONGRESS CONTROL NUMBER
LC control number 92023215
020 ## - INTERNATIONAL STANDARD BOOK NUMBER
International Standard Book Number 0201532808
040 ## - CATALOGING SOURCE
Original cataloging agency DLC
Transcribing agency LIBRARY
Modifying agency DLC
050 00 - LIBRARY OF CONGRESS CALL NUMBER
Classification number T385
Item number .S622 1995
082 00 - DEWEY DECIMAL CLASSIFICATION NUMBER
Classification number 510.2855369 SMI
100 1# - MAIN ENTRY--PERSONAL NAME
Personal name Smith, Cameron,
Dates associated with a name 1959-
245 14 - TITLE STATEMENT
Title The Mathematica graphics guidebook : Cameron Smith and Nancy Blachman.
Statement of responsibility, etc. Cameron Smith
260 ## - PUBLICATION, DISTRIBUTION, ETC.
Place of publication, distribution, etc. Reading, Mass. :
Name of publisher, distributor, etc. Addison-Wesley,
Date of publication, distribution, etc. c1995.
300 ## - PHYSICAL DESCRIPTION
Extent xxi, 339 p. :
Other physical details ill. (some col.) ;
Dimensions 24 cm.
504 ## - BIBLIOGRAPHY, ETC. NOTE
Bibliography, etc. note Includes bibliographical references (p. [327]-330) and index.
538 ## - SYSTEM DETAILS NOTE
System details note System requirements for accompanying computer disk: Macintosh, DOS, MS Windows, UNIX versions of Mathematica; version 2.0 or later.
630 00 - SUBJECT ADDED ENTRY--UNIFORM TITLE
Uniform title Mathematica (Computer file)
650 #0 - SUBJECT ADDED ENTRY--TOPICAL TERM
Topical term or geographic name entry element Computer graphics.
General subdivision ME
700 1# - ADDED ENTRY--PERSONAL NAME
Personal name Blachman, Nancy.
906 ## - LOCAL DATA ELEMENT F, LDF (RLIN)
a 7
b cbc
c orignew
d 1
e ocip
f 19
g y-gencatlg
942 ## - ADDED ENTRY ELEMENTS (KOHA)
Source of classification or shelving scheme
Koha item type Book
Holdings
Withdrawn status Lost status Source of classification or shelving scheme Damaged status Not for loan Permanent Location Current Location Shelving location Date acquired Source of acquisition Cost, normal purchase price Total Checkouts Full call number Barcode Date last seen Cost, replacement price Price effective from Koha item type
          Pakistan Navy Engineering College (PNEC) Pakistan Navy Engineering College (PNEC)   12/18/2010 Donated 300.00   510.2855369 SMI PNECLIB-030060 05/18/2015 300.00 12/18/2010 Book
          Pakistan Navy Engineering College (PNEC) Pakistan Navy Engineering College (PNEC)   04/12/2000       510.2855369 SMI PNECLIB-021821 06/16/2015   04/12/2000 Book
© 2023 Central Library, National University of Sciences and Technology. All Rights Reserved.